[Event "DVM U12 2022"]
[Site "München GER"]
[Date "2022.12.27"]
[Round "1"]
[White "Rokhmanova, Vitalina"]
[Black "Freude, Paul"]
[Result "0-1"]
[Termination "normal"]
[Board "5.3"]
[WhiteElo "1312"]
[BlackElo "1491"]
[WhiteClock "00:10:35"]
[BlackClock "00:20:33"]
[WhiteTeam "SV Dresden-Striesen 1990"]
[BlackTeam "SV Empor Berlin"]
[PlyCount "136"]
[WhiteFideId "34640533"]
[BlackFideId "16280717"]
[EventCountry "GER"]
[EventRounds "7"]
[EventType "team-swiss"]
[EventDate "2022.12.26"]

1. e4 {[%clk 01:30:57]} {[%emt 00:00:01]} c5 {[%clk 01:30:52]} {[%emt
00:00:08]} 2. Nf3 {[%clk 01:31:23]} {[%emt 00:00:05]} d6 {[%clk 01:31:13]}
{[%emt 00:00:09]} 3. Nc3 {[%clk 01:31:39]} {[%emt 00:00:14]} Nf6 {[%clk
01:31:21]} {[%emt 00:00:23]} 4. Bc4 {[%clk 01:31:22]} {[%emt 00:00:46]} a6
{[%clk 01:30:53]} {[%emt 00:00:58]} 5. h3 {[%clk 01:30:58]} {[%emt 00:00:54]}
Nc6 {[%clk 01:30:52]} {[%emt 00:00:31]} 6. d3 {[%clk 01:29:34]} {[%emt
00:01:54]} e6 {[%clk 01:30:26]} {[%emt 00:00:57]} 7. Bg5 {[%clk 01:28:33]}
{[%emt 00:01:29]} Be7 {[%clk 01:30:07]} {[%emt 00:00:50]} 8. d4 {[%clk
01:22:38]} {[%emt 00:06:25]} b5 {[%clk 01:28:25]} {[%emt 00:02:12]} 9. Be2
{[%clk 01:20:31]} {[%emt 00:02:36]} b4 {[%clk 01:27:29]} {[%emt 00:01:27]} 10.
e5 {[%clk 01:03:47]} {[%emt 00:17:14]} bxc3 {[%clk 01:26:04]} {[%emt 00:01:56]}
11. exf6 {[%clk 01:03:35]} {[%emt 00:00:41]} gxf6 {[%clk 01:25:29]} {[%emt
00:01:05]} 12. Bc1 {[%clk 01:02:03]} {[%emt 00:02:01]} cxb2 {[%clk 01:24:40]}
{[%emt 00:01:19]} 13. Bxb2 {[%clk 01:02:25]} {[%emt 00:00:08]} Qa5 {[%clk
01:22:35]} {[%emt 00:02:35]} 14. Qd2 {[%clk 00:59:56]} {[%emt 00:02:58]} Qxd2
{[%clk 01:22:47]} {[%emt 00:00:20]} 15. Kxd2 {[%clk 01:00:15]} {[%emt
00:00:12]} cxd4 {[%clk 01:22:06]} {[%emt 00:01:10]} 16. Nxd4 {[%clk 01:00:28]}
{[%emt 00:00:17]} Nxd4 {[%emt 00:00:44]} 17. Bxd4 {[%clk 01:00:41]} {[%emt
00:00:15]} Bb7 {[%clk 01:21:36]} {[%emt 00:00:47]} 18. f3 {[%clk 00:58:28]}
{[%emt 00:02:44]} e5 {[%clk 01:21:24]} {[%emt 00:00:41]} 19. Be3 {[%clk
00:57:45]} {[%emt 00:01:13]} d5 {[%clk 01:20:27]} {[%emt 00:01:28]} 20. Rab1
{[%clk 00:57:22]} {[%emt 00:00:51]} Bc8 {[%clk 01:18:22]} {[%emt 00:02:37]} 21.
c3 {[%clk 00:49:42]} {[%emt 00:08:11]} O-O {[%clk 01:17:17]} {[%emt 00:01:35]}
22. Rhd1 {[%clk 00:46:19]} {[%emt 00:03:52]} Rd8 {[%clk 01:07:42]} {[%emt
00:10:05]} 23. Ke1 {[%clk 00:45:50]} {[%emt 00:01:00]} Be6 {[%clk 01:02:43]}
{[%emt 00:05:29]} 24. a4 {[%clk 00:43:39]} {[%emt 00:02:41]} Rdc8 {[%clk
01:02:06]} {[%emt 00:01:07]} 25. Kd2 {[%clk 00:39:16]} {[%emt 00:04:53]} Bd8
{[%clk 00:58:17]} {[%emt 00:04:19]} 26. Bb6 {[%clk 00:35:29]} {[%emt 00:04:15]}
a5 {[%clk 00:41:30]} {[%emt 00:17:17]} 27. Be3 {[%clk 00:29:24]} {[%emt
00:06:36]} Rcb8 {[%clk 00:35:37]} {[%emt 00:06:24]} 28. Bb5 {[%clk 00:26:14]}
{[%emt 00:03:39]} Bb6 {[%clk 00:34:27]} {[%emt 00:01:38]} 29. Bc6 {[%clk
00:24:16]} {[%emt 00:02:30]} Ra6 {[%clk 00:28:59]} {[%emt 00:05:58]} 30. Bxb6
{[%clk 00:20:39]} {[%emt 00:04:07]} Raxb6 {[%clk 00:29:06]} {[%emt 00:00:23]}
31. Rxb6 {[%clk 00:20:55]} {[%emt 00:00:14]} Rxb6 {[%clk 00:29:31]} {[%emt
00:00:06]} 32. Bb5 {[%clk 00:21:14]} {[%emt 00:00:10]} Kg7 {[%clk 00:28:18]}
{[%emt 00:01:43]} 33. Ke3 {[%clk 00:20:08]} {[%emt 00:01:35]} Rb8 {[%clk
00:25:26]} {[%emt 00:03:23]} 34. g4 {[%clk 00:17:29]} {[%emt 00:03:08]} Rc8
{[%clk 00:25:10]} {[%emt 00:00:47]} 35. Rd3 {[%clk 00:16:50]} {[%emt 00:01:09]}
Kg6 {[%clk 00:24:00]} {[%emt 00:01:41]} 36. h4 {[%clk 00:15:17]} {[%emt
00:02:03]} h5 {[%clk 00:24:13]} {[%emt 00:00:17]} 37. Kf2 {[%clk 00:11:52]}
{[%emt 00:03:54]} hxg4 {[%clk 00:20:30]} {[%emt 00:04:14]} 38. Kg3 {[%clk
00:10:34]} {[%emt 00:01:48]} gxf3 {[%clk 00:20:11]} {[%emt 00:00:48]} 39. Rxf3
{[%clk 00:10:31]} {[%emt 00:00:33]} f5 {[%clk 00:19:39]} {[%emt 00:01:02]} 40.
Be2 {[%clk 00:09:49]} {[%emt 00:01:11]} f4 {[%clk 00:19:16]} {[%emt 00:00:54]}
41. Kg2 {[%clk 00:09:27]} {[%emt 00:00:52]} Bg4 {[%clk 00:19:17]} {[%emt
00:00:30]} 42. Rf2 {[%clk 00:08:43]} {[%emt 00:01:14]} Bxe2 {[%clk 00:18:37]}
{[%emt 00:01:10]} 43. Rxe2 {[%clk 00:09:01]} {[%emt 00:00:12]} f6 {[%clk
00:18:49]} {[%emt 00:00:17]} 44. Rd2 {[%clk 00:08:45]} {[%emt 00:00:46]} Rc5
{[%clk 00:18:38]} {[%emt 00:00:40]} 45. Rd3 {[%clk 00:08:57]} {[%emt 00:00:19]}
Kh5 {[%clk 00:18:05]} {[%emt 00:01:03]} 46. Rh3 {[%clk 00:08:54]} {[%emt
00:00:33]} Rc4 {[%clk 00:18:15]} {[%emt 00:00:21]} 47. Rd3 {[%clk 00:08:56]}
{[%emt 00:00:29]} Rxa4 {[%clk 00:17:57]} {[%emt 00:00:47]} 48. Rxd5 {[%clk
00:09:17]} {[%emt 00:00:09]} Kxh4 {[%clk 00:17:47]} {[%emt 00:00:40]} 49. Rd2
{[%clk 00:08:36]} {[%emt 00:01:11]} Rc4 {[%clk 00:18:04]} {[%emt 00:00:13]} 50.
Rc2 {[%clk 00:08:56]} {[%emt 00:00:10]} a4 {[%clk 00:18:18]} {[%emt 00:00:16]}
51. Kf3 {[%clk 00:09:10]} {[%emt 00:00:16]} f5 {[%clk 00:17:58]} {[%emt
00:00:51]} 52. Ke2 {[%clk 00:08:40]} {[%emt 00:01:00]} e4 {[%clk 00:18:10]}
{[%emt 00:00:17]} 53. Kd2 {[%clk 00:08:53]} {[%emt 00:00:16]} Kg3 {[%clk
00:18:18]} {[%emt 00:00:23]} 54. Ke2 {[%clk 00:09:07]} {[%emt 00:00:16]} a3
{[%clk 00:18:21]} {[%emt 00:00:27]} 55. Kd2 {[%clk 00:09:22]} {[%emt 00:00:16]}
f3 {[%clk 00:18:32]} {[%emt 00:00:19]} 56. Rc1 {[%clk 00:09:25]} {[%emt
00:00:27]} f4 {[%clk 00:18:32]} {[%emt 00:00:29]} 57. Ra1 {[%clk 00:09:40]}
{[%emt 00:00:15]} f2 {[%clk 00:18:40]} {[%emt 00:00:22]} 58. Rc1 {[%clk
00:09:42]} {[%emt 00:00:28]} Kg2 {[%clk 00:18:44]} {[%emt 00:00:26]} 59. Ke2
{[%clk 00:09:54]} {[%emt 00:00:17]} Rxc3 {[%clk 00:18:52]} {[%emt 00:00:23]}
60. Rxc3 {[%clk 00:09:14]} {[%emt 00:01:09]} f1=Q {[%clk 00:19:14]} {[%emt
00:00:09]} 61. Kd2 {[%clk 00:09:26]} {[%emt 00:00:17]} a2 {[%clk 00:18:37]}
{[%emt 00:01:08]} 62. Rc1 {[%clk 00:09:17]} {[%emt 00:00:39]} Qd3 {[%clk
00:18:47]} {[%emt 00:00:21]} 63. Ke1 {[%clk 00:09:21]} {[%emt 00:00:24]} Qf1
{[%clk 00:18:35]} {[%emt 00:00:44]} 64. Kd2 {[%clk 00:09:41]} {[%emt 00:00:10]}
Qxc1 {[%clk 00:19:01]} {[%emt 00:00:04]} 65. Kxc1 {[%clk 00:09:49]} {[%emt
00:00:21]} a1=Q {[%clk 00:19:25]} {[%emt 00:00:06]} 66. Kd2 {[%clk 00:10:03]}
{[%emt 00:00:17]} Qb2 {[%clk 00:19:47]} {[%emt 00:00:08]} 67. Ke1 {[%clk
00:10:17]} {[%emt 00:00:15]} e3 {[%clk 00:20:08]} {[%emt 00:00:09]} 68. Kd1
{[%clk 00:10:35]} {[%emt 00:00:12]} Qd2# {[%clk 00:20:33]} {[%emt 00:00:05]}
0-1

[Event "DVM U12 2022"]
[Site "München GER"]
[Date "2022.12.27"]
[Round "1"]
[White "Jankowski, Antoni"]
[Black "Reichel, Emilio"]
[Result "1-0"]
[Termination "normal"]
[Board "5.4"]
[WhiteElo "1119"]
[BlackElo "1037"]
[WhiteClock "01:17:46"]
[BlackClock "01:19:10"]
[WhiteTeam "SV Empor Berlin"]
[BlackTeam "SV Dresden-Striesen 1990"]
[PlyCount "49"]
[WhiteFideId "21076642"]
[BlackFideId "34640517"]
[EventCountry "GER"]
[EventRounds "7"]
[EventType "team-swiss"]
[EventDate "2022.12.26"]

1. e4 {[%clk 01:30:58]} c5 {[%clk 01:30:55]} {[%emt 00:00:06]} 2. c3 {[%clk
01:31:24]} {[%emt 00:00:04]} g6 {[%clk 01:31:03]} {[%emt 00:00:22]} 3. Nf3
{[%clk 01:31:46]} {[%emt 00:00:07]} d6 {[%clk 01:31:17]} {[%emt 00:00:16]} 4.
Be2 {[%clk 01:32:00]} {[%emt 00:00:15]} Nc6 {[%clk 01:31:40]} {[%emt 00:00:08]}
5. d4 {[%clk 01:32:00]} {[%emt 00:00:30]} cxd4 {[%clk 01:31:56]} {[%emt
00:00:15]} 6. cxd4 {[%clk 01:31:49]} {[%emt 00:00:40]} Bg7 {[%clk 01:32:13]}
{[%emt 00:00:13]} 7. Nc3 {[%clk 01:29:51]} Ne5 {[%clk 01:32:42]} {[%emt
00:02:29]} 8. d5 {[%emt 00:01:37]} Bg4 9. Nxe5 {[%clk 01:27:41]} {[%emt
00:01:53]} Bxe2 {[%clk 01:30:49]} {[%emt 00:07:38]} 10. Qa4 {[%clk 01:18:32]}
Kf8 {[%clk 01:30:49]} {[%emt 00:05:05]} 11. Nd7 {[%clk 01:18:21]} Ke8 {[%clk
01:30:51]} {[%emt 00:01:08]} 12. Nb6 {[%emt 00:00:37]} Kf8 {[%clk 01:30:55]}
{[%emt 00:00:04]} 13. Nxa8 {[%clk 01:18:18]} {[%emt 00:00:48]} Qxa8 {[%clk
01:30:37]} {[%emt 00:00:48]} 14. Nxe2 {[%clk 01:18:37]} {[%emt 00:00:10]} Qc8
{[%clk 01:30:55]} {[%emt 00:00:14]} 15. O-O {[%clk 01:17:40]} {[%emt 00:02:51]}
Nf6 16. Be3 {[%clk 01:17:06]} {[%emt 00:02:54]} a6 17. Rac1 {[%emt 00:01:54]}
Qg4 {[%emt 00:00:49]} 18. f3 {[%clk 01:16:44]} {[%emt 00:00:02]} b5 {[%clk
01:24:18]} {[%emt 00:04:00]} 19. Qxa6 {[%clk 01:16:41]} {[%emt 00:00:32]} Kg8
{[%clk 01:21:16]} {[%emt 00:03:31]} 20. fxg4 {[%clk 01:16:58]} {[%emt
00:00:13]} Nxg4 {[%clk 01:20:33]} {[%emt 00:01:13]} 21. Rc8 {[%clk 01:16:38]}
{[%emt 00:00:50]} Bf8 {[%clk 01:19:47]} {[%emt 00:01:17]} 22. Rxf8 {[%clk
01:17:04]} {[%emt 00:00:04]} Kxf8 {[%clk 01:19:39]} {[%emt 00:00:38]} 23. Qc8
{[%clk 01:17:25]} {[%emt 00:00:08]} Kg7 {[%clk 01:18:56]} {[%emt 00:01:13]} 24.
Qxg4 {[%clk 01:17:28]} {[%emt 00:00:27]} Rc8 {[%clk 01:19:10]} {[%emt
00:00:17]} 25. Qxc8 {[%clk 01:17:46]} {[%emt 00:00:12]} 1-0

[Event "DVM U12 2022"]
[Site "München GER"]
[Date "2022.12.27"]
[Round "1"]
[White "Ramming, Moritz"]
[Black "Vinogradov, Ilia"]
[Result "1-0"]
[Termination "normal"]
[Board "6.1"]
[WhiteElo "1634"]
[BlackElo "1358"]
[WhiteClock "00:59:03"]
[BlackClock "00:13:55"]
[WhiteTeam "SK Kelheim 1920"]
[BlackTeam "SV 1947 Walldorf"]
[PlyCount "73"]
[WhiteFideId "34618198"]
[BlackFideId "34603166"]
[EventCountry "GER"]
[EventRounds "7"]
[EventType "team-swiss"]
[EventDate "2022.12.26"]

1. b3 {[%clk 01:30:55]} {[%emt 00:00:04]} e5 {[%clk 01:30:41]} {[%emt
00:00:19]} 2. Bb2 {[%clk 01:31:18]} {[%emt 00:00:07]} Nc6 {[%clk 01:30:31]}
{[%emt 00:00:40]} 3. e3 {[%clk 01:31:37]} {[%emt 00:00:11]} a6 {[%clk
01:28:11]} {[%emt 00:02:50]} 4. h3 {[%clk 01:27:46]} {[%emt 00:04:21]} d5
{[%clk 01:27:52]} {[%emt 00:00:49]} 5. Nf3 {[%clk 01:24:14]} {[%emt 00:04:02]}
Bd6 {[%clk 01:25:21]} {[%emt 00:03:00]} 6. d4 {[%clk 01:23:27]} {[%emt
00:01:17]} e4 {[%clk 01:24:54]} {[%emt 00:00:58]} 7. Ne5 {[%clk 01:22:49]}
{[%emt 00:01:08]} Nf6 {[%clk 01:22:35]} {[%emt 00:02:49]} 8. Nd2 {[%clk
01:21:04]} {[%emt 00:02:14]} O-O {[%clk 01:20:27]} {[%emt 00:02:38]} 9. c4
{[%clk 01:20:50]} {[%emt 00:00:43]} Bxe5 {[%clk 01:12:53]} {[%emt 00:08:05]}
10. dxe5 {[%clk 01:20:40]} {[%emt 00:00:40]} Nd7 {[%clk 01:12:10]} {[%emt
00:01:14]} 11. cxd5 {[%clk 01:20:02]} {[%emt 00:01:07]} Ncxe5 {[%clk 01:12:24]}
{[%emt 00:00:16]} 12. Nxe4 {[%clk 01:19:44]} {[%emt 00:00:49]} Re8 {[%clk
01:08:09]} {[%emt 00:04:45]} 13. Qd4 {[%clk 01:16:52]} {[%emt 00:03:21]} f6
{[%clk 01:07:12]} {[%emt 00:01:28]} 14. f4 {[%clk 01:15:40]} {[%emt 00:01:42]}
Nf7 {[%clk 01:04:22]} {[%emt 00:03:20]} 15. Bd3 {[%clk 01:13:00]} {[%emt
00:03:10]} b6 {[%clk 00:57:56]} {[%emt 00:06:57]} 16. O-O {[%clk 01:11:47]}
{[%emt 00:01:43]} Bb7 {[%clk 00:55:43]} {[%emt 00:02:42]} 17. Ng5 {[%clk
01:10:34]} {[%emt 00:01:43]} Nf8 {[%clk 00:48:51]} {[%emt 00:07:23]} 18. e4
{[%clk 01:07:37]} {[%emt 00:03:27]} Qd7 {[%clk 00:41:11]} {[%emt 00:08:10]} 19.
Rae1 {[%clk 01:06:34]} {[%emt 00:01:32]} Rad8 {[%clk 00:39:02]} {[%emt
00:02:39]} 20. Be2 {[%clk 01:03:54]} {[%emt 00:03:11]} c5 {[%clk 00:35:54]}
{[%emt 00:03:38]} 21. Qc3 {[%clk 01:03:52]} {[%emt 00:00:31]} h6 {[%clk
00:33:05]} {[%emt 00:03:19]} 22. Bg4 {[%clk 01:02:09]} {[%emt 00:02:12]} Qe7
{[%clk 00:31:00]} {[%emt 00:02:34]} 23. Ne6 {[%clk 01:02:14]} {[%emt 00:00:25]}
Nxe6 {[%clk 00:31:00]} {[%emt 00:00:31]} 24. Bxe6 {[%clk 01:02:16]} {[%emt
00:00:28]} Kh8 {[%clk 00:29:36]} {[%emt 00:01:54]} 25. Rd1 {[%clk 01:01:31]}
{[%emt 00:01:16]} Nd6 {[%clk 00:21:17]} {[%emt 00:08:49]} 26. e5 {[%clk
01:01:19]} {[%emt 00:00:41]} fxe5 {[%clk 00:17:04]} {[%emt 00:04:44]} 27. Qxe5
{[%clk 01:01:11]} {[%emt 00:00:37]} b5 {[%clk 00:15:26]} {[%emt 00:02:08]} 28.
Qh5 {[%clk 01:00:56]} {[%emt 00:00:45]} Kh7 {[%clk 00:14:59]} {[%emt 00:00:57]}
29. f5 {[%clk 01:00:33]} {[%emt 00:00:53]} Qg5 {[%clk 00:14:57]} {[%emt
00:00:32]} 30. Qxg5 {[%clk 00:59:31]} {[%emt 00:01:32]} hxg5 {[%clk 00:15:20]}
{[%emt 00:00:08]} 31. h4 {[%clk 00:59:23]} {[%emt 00:00:37]} gxh4 {[%clk
00:15:20]} {[%emt 00:00:30]} 32. Rf4 {[%clk 00:59:42]} {[%emt 00:00:10]} Kh6
{[%clk 00:14:42]} {[%emt 00:01:09]} 33. Rxh4 {[%clk 00:58:43]} {[%emt
00:01:29]} Kg5 {[%clk 00:15:00]} {[%emt 00:00:11]} 34. Rh7 {[%clk 00:58:46]}
{[%emt 00:00:27]} Nxf5 {[%clk 00:14:07]} {[%emt 00:01:23]} 35. Rf1 {[%clk
00:58:40]} {[%emt 00:00:36]} Rf8 {[%clk 00:13:35]} {[%emt 00:01:02]} 36. Bxf5
{[%clk 00:58:41]} {[%emt 00:00:29]} Rxf5 {[%clk 00:13:55]} {[%emt 00:00:11]}
37. Rxg7 {[%clk 00:59:03]} {[%emt 00:00:07]} 1-0

[Event "DVM U12 2022"]
[Site "München GER"]
[Date "2022.12.27"]
[Round "1"]
[White "Schirmer, Enias"]
[Black "Neumeier, Valentina"]
[Result "1/2-1/2"]
[Termination "normal"]
[Board "6.2"]
[WhiteElo "1363"]
[BlackElo "1464"]
[WhiteClock "00:32:31"]
[BlackClock "00:29:40"]
[WhiteTeam "SV 1947 Walldorf"]
[BlackTeam "SK Kelheim 1920"]
[PlyCount "60"]
[WhiteFideId "34609806"]
[BlackFideId "34608222"]
[EventCountry "GER"]
[EventRounds "7"]
[EventType "team-swiss"]
[EventDate "2022.12.26"]

1. e4 {[%clk 01:30:57]} {[%emt 00:00:01]} e5 {[%clk 01:30:48]} {[%emt
00:00:13]} 2. Nf3 {[%clk 01:31:09]} {[%emt 00:00:17]} Nc6 {[%emt 00:00:34]} 3.
Bc4 {[%emt 00:00:15]} Bc5 {[%emt 00:00:06]} 4. Nc3 {[%emt 00:00:10]} d6 {[%emt
00:00:49]} 5. d3 {[%emt 00:00:24]} Bg4 {[%emt 00:00:55]} 6. h3 {[%emt
00:00:25]} Bh5 {[%clk 01:31:04]} {[%emt 00:00:13]} 7. g4 {[%emt 00:00:31]} Bg6
{[%emt 00:00:19]} 8. Bg5 {[%clk 01:30:23]} {[%emt 00:01:07]} Nge7 {[%clk
01:29:14]} {[%emt 00:02:22]} 9. Qd2 {[%clk 01:29:40]} {[%emt 00:01:11]} Qd7
{[%clk 01:27:59]} {[%emt 00:01:46]} 10. O-O-O {[%clk 01:28:54]} {[%emt
00:01:01]} h5 {[%clk 01:24:15]} {[%emt 00:04:30]} 11. Qe2 {[%clk 01:25:01]}
{[%emt 00:04:23]} O-O-O {[%clk 01:21:40]} {[%emt 00:03:05]} 12. Rhg1 {[%clk
01:17:52]} {[%emt 00:07:38]} f6 {[%clk 01:12:12]} {[%emt 00:09:58]} 13. Be3
{[%clk 01:17:34]} {[%emt 00:00:47]} Bb4 {[%clk 01:07:50]} {[%emt 00:04:52]} 14.
Nd5 {[%clk 01:12:29]} {[%emt 00:05:35]} Nxd5 {[%clk 01:03:41]} {[%emt
00:04:40]} 15. Bxd5 {[%clk 01:12:03]} {[%emt 00:00:55]} h4 {[%clk 00:59:29]}
{[%emt 00:04:44]} 16. Bd2 {[%clk 01:08:42]} {[%emt 00:03:50]} Bxd2 {[%clk
00:56:55]} {[%emt 00:03:05]} 17. Qxd2 {[%clk 01:06:35]} {[%emt 00:02:36]} Bf7
{[%clk 00:55:01]} {[%emt 00:02:24]} 18. Bxf7 {[%clk 01:06:15]} {[%emt
00:00:50]} Qxf7 {[%clk 00:55:18]} {[%emt 00:00:13]} 19. Kb1 {[%clk 01:06:27]}
{[%emt 00:00:17]} d5 {[%clk 00:55:12]} {[%emt 00:00:37]} 20. Qc3 {[%clk
01:03:02]} {[%emt 00:03:54]} Qg6 {[%clk 00:50:10]} {[%emt 00:05:33]} 21. exd5
{[%clk 00:56:39]} {[%emt 00:06:53]} Rxd5 {[%clk 00:49:25]} {[%emt 00:01:15]}
22. Rge1 {[%clk 00:54:12]} {[%emt 00:02:57]} e4 {[%clk 00:47:36]} {[%emt
00:02:19]} 23. dxe4 {[%clk 00:49:04]} {[%emt 00:05:37]} Qxe4 {[%clk 00:40:17]}
{[%emt 00:07:50]} 24. Rxd5 {[%clk 00:42:11]} {[%emt 00:07:23]} Qxd5 {[%clk
00:40:08]} {[%emt 00:00:39]} 25. a3 {[%clk 00:38:28]} {[%emt 00:04:13]} Rd8
{[%clk 00:31:33]} {[%emt 00:09:05]} 26. Nxh4 {[%clk 00:35:38]} {[%emt
00:03:20]} Qd2 {[%clk 00:30:13]} {[%emt 00:01:48]} 27. Qxd2 {[%clk 00:34:58]}
{[%emt 00:01:12]} Rxd2 {[%clk 00:30:32]} {[%emt 00:00:11]} 28. Nf5 {[%clk
00:34:46]} {[%emt 00:00:41]} g6 {[%clk 00:29:44]} {[%emt 00:01:19]} 29. Nh4
{[%clk 00:32:31]} {[%emt 00:02:44]} g5 {[%clk 00:29:40]} {[%emt 00:00:36]} 30.
Nf5 {[%emt 00:02:13]} Rxf2 1/2-1/2

[Event "DVM U12 2022"]
[Site "München GER"]
[Date "2022.12.27"]
[Round "1"]
[White "Neumeier, Konstantin"]
[Black "Yan, Haichen"]
[Result "1/2-1/2"]
[Termination "normal"]
[Board "6.3"]
[WhiteElo "1443"]
[BlackElo "1217"]
[WhiteClock "00:40:30"]
[BlackClock "01:07:30"]
[WhiteTeam "SK Kelheim 1920"]
[BlackTeam "SV 1947 Walldorf"]
[PlyCount "111"]
[WhiteFideId "34608230"]
[BlackFideId "34607951"]
[EventCountry "GER"]
[EventRounds "7"]
[EventType "team-swiss"]
[EventDate "2022.12.26"]

1. e4 {[%clk 01:30:58]} {[%emt 00:00:01]} c5 {[%clk 01:30:58]} {[%emt
00:00:02]} 2. c3 {[%clk 01:31:25]} {[%emt 00:00:03]} e6 {[%clk 01:30:55]}
{[%emt 00:00:34]} 3. d4 {[%clk 01:31:49]} {[%emt 00:00:06]} cxd4 {[%clk
01:30:55]} {[%emt 00:00:29]} 4. cxd4 {[%clk 01:32:13]} {[%emt 00:00:06]} d6
{[%clk 01:30:56]} {[%emt 00:00:29]} 5. Nc3 {[%clk 01:32:34]} {[%emt 00:00:09]}
Nf6 {[%clk 01:30:47]} {[%emt 00:00:38]} 6. Bg5 {[%clk 01:32:53]} {[%emt
00:00:11]} Be7 {[%clk 01:30:58]} {[%emt 00:00:19]} 7. Nf3 {[%clk 01:32:47]}
{[%emt 00:00:36]} a6 {[%clk 01:30:32]} {[%emt 00:00:56]} 8. Bd3 {[%clk
01:31:28]} {[%emt 00:01:50]} Nc6 {[%clk 01:30:25]} {[%emt 00:00:37]} 9. a3
{[%clk 01:31:06]} {[%emt 00:00:52]} O-O {[%clk 01:29:43]} {[%emt 00:01:12]} 10.
O-O {[%clk 01:31:13]} {[%emt 00:00:23]} b5 {[%clk 01:28:50]} {[%emt 00:01:22]}
11. Qe2 {[%clk 01:28:16]} {[%emt 00:03:28]} h6 {[%clk 01:24:51]} {[%emt
00:04:28]} 12. Be3 {[%clk 01:24:21]} {[%emt 00:04:25]} b4 {[%clk 01:24:01]}
{[%emt 00:01:20]} 13. axb4 {[%clk 01:24:06]} {[%emt 00:00:45]} Nxb4 {[%clk
01:24:29]} {[%emt 00:00:02]} 14. Rad1 {[%clk 01:24:21]} {[%emt 00:00:15]} Nxd3
{[%emt 00:00:42]} 15. Rxd3 {[%clk 01:23:18]} {[%emt 00:01:28]} a5 {[%clk
01:24:21]} {[%emt 00:00:31]} 16. e5 {[%clk 01:14:27]} {[%emt 00:09:21]} Ne8
{[%clk 01:23:30]} {[%emt 00:01:21]} 17. Ra1 {[%clk 01:09:34]} {[%emt 00:05:24]}
Ba6 {[%clk 01:23:06]} {[%emt 00:00:54]} 18. h3 {[%clk 01:03:49]} {[%emt
00:06:16]} dxe5 {[%clk 01:17:48]} {[%emt 00:05:47]} 19. Nxe5 {[%clk 01:03:16]}
{[%emt 00:01:03]} Bxd3 {[%clk 01:17:10]} {[%emt 00:01:07]} 20. Qxd3 {[%clk
01:03:25]} {[%emt 00:00:21]} Bf6 {[%clk 01:17:14]} {[%emt 00:00:27]} 21. Qe4
{[%clk 01:02:01]} {[%emt 00:01:54]} Nd6 {[%clk 01:16:43]} {[%emt 00:01:01]} 22.
Qf3 {[%clk 00:59:23]} {[%emt 00:03:04]} Nf5 {[%clk 01:14:47]} {[%emt 00:02:29]}
23. Qg4 {[%clk 00:54:58]} {[%emt 00:04:56]} Nxe3 {[%clk 01:14:33]} {[%emt
00:00:44]} 24. fxe3 {[%clk 00:55:16]} {[%emt 00:00:12]} Bxe5 {[%clk 01:14:37]}
{[%emt 00:00:25]} 25. dxe5 {[%clk 00:55:32]} {[%emt 00:00:16]} Qg5 {[%clk
01:14:43]} {[%emt 00:00:24]} 26. Qxg5 {[%clk 00:54:56]} {[%emt 00:01:06]} hxg5
{[%emt 00:00:07]} 27. Ne4 {[%clk 00:55:20]} {[%emt 00:00:04]} f6 {[%clk
01:14:30]} {[%emt 00:01:07]} 28. exf6 {[%clk 00:55:28]} {[%emt 00:00:23]} gxf6
{[%clk 01:14:49]} {[%emt 00:00:10]} 29. Nc5 {[%clk 00:55:37]} {[%emt 00:00:20]}
Rfe8 {[%clk 01:14:54]} {[%emt 00:00:25]} 30. Ne4 {[%clk 00:55:14]} {[%emt
00:00:50]} Kg7 {[%clk 01:14:56]} {[%emt 00:00:31]} 31. Rf1 {[%clk 00:52:38]}
{[%emt 00:03:06]} Rf8 {[%clk 01:14:20]} {[%emt 00:01:06]} 32. Nc5 {[%clk
00:52:01]} {[%emt 00:01:07]} Kf7 {[%clk 01:13:54]} {[%emt 00:00:48]} 33. Nd7
{[%clk 00:51:41]} {[%emt 00:01:00]} Rh8 {[%clk 01:12:13]} {[%emt 00:02:09]} 34.
Ne5 {[%clk 00:51:46]} {[%emt 00:00:26]} Kg7 {[%clk 01:11:44]} {[%emt 00:01:00]}
35. Nd7 {[%clk 00:50:46]} {[%emt 00:01:29]} f5 {[%clk 01:11:09]} {[%emt
00:01:05]} 36. Nc5 {[%clk 00:48:04]} {[%emt 00:03:04]} Rh6 {[%clk 01:11:29]}
{[%emt 00:00:17]} 37. Rd1 {[%clk 00:47:49]} {[%emt 00:00:44]} Rc8 {[%clk
01:11:08]} {[%emt 00:00:47]} 38. Nb7 {[%clk 00:44:50]} {[%emt 00:03:33]} Rb8
{[%clk 01:11:17]} {[%emt 00:00:21]} 39. Nxa5 {[%clk 00:42:13]} {[%emt
00:03:07]} Rxb2 {[%clk 01:11:32]} {[%emt 00:00:15]} 40. Nc4 {[%clk 00:42:32]}
{[%emt 00:00:11]} Rc2 {[%clk 01:11:20]} {[%emt 00:00:42]} 41. Ne5 {[%clk
00:41:24]} {[%emt 00:01:37]} Rc5 {[%clk 01:10:35]} {[%emt 00:01:14]} 42. Nf3
{[%clk 00:41:20]} {[%emt 00:00:36]} g4 {[%clk 01:10:26]} {[%emt 00:00:40]} 43.
hxg4 {[%clk 00:41:22]} {[%emt 00:00:29]} fxg4 {[%clk 01:10:47]} {[%emt
00:00:09]} 44. Ng5 {[%clk 00:40:48]} {[%emt 00:01:04]} Rxg5 {[%clk 01:09:21]}
{[%emt 00:01:55]} 45. Kf2 {[%clk 00:40:43]} {[%emt 00:00:35]} Rf6 {[%clk
01:09:31]} {[%emt 00:00:20]} 46. Kg3 {[%clk 00:41:05]} {[%emt 00:00:08]} Re5
{[%clk 01:09:06]} {[%emt 00:00:54]} 47. Kxg4 {[%clk 00:41:19]} {[%emt
00:00:17]} Rxe3 {[%clk 01:09:26]} {[%emt 00:00:10]} 48. Kg5 {[%clk 00:41:12]}
{[%emt 00:00:37]} Re4 {[%clk 01:09:25]} {[%emt 00:00:31]} 49. g4 {[%clk
00:39:49]} {[%emt 00:01:54]} Rg6 {[%clk 01:08:34]} {[%emt 00:01:20]} 50. Kh4
{[%clk 00:40:01]} {[%emt 00:00:19]} Rgxg4 {[%clk 01:07:55]} {[%emt 00:01:09]}
51. Kh3 {[%clk 00:40:12]} {[%emt 00:00:19]} Kf6 {[%clk 01:08:04]} {[%emt
00:00:20]} 52. Kh2 {[%clk 00:39:27]} {[%emt 00:01:15]} Re2 {[%clk 01:07:22]}
{[%emt 00:01:12]} 53. Kh3 {[%clk 00:39:47]} {[%emt 00:00:10]} Reg2 {[%clk
01:07:42]} {[%emt 00:00:09]} 54. Rf1 {[%clk 00:40:00]} {[%emt 00:00:18]} Kg5
{[%clk 01:08:00]} {[%emt 00:00:13]} 55. Rf5 {[%clk 00:40:13]} {[%emt 00:00:17]}
Kh6 {[%clk 01:07:30]} {[%emt 00:00:58]} 56. Rh5 {[%clk 00:40:30]} {[%emt
00:00:13]} 1/2-1/2